WW2 Capital Ships by Picture - Statistics

General Stats
  • This quiz has been taken 127 times
  • The average score is 3 of 16
Answer Stats
Picture Answer % Correct
Yamato
53%
Bismark
36%
HMS Nelson
33%
HMS Hood
29%
Shokaku
28%
USS Yorktown
28%
HMS King George V
25%
USS Iowa
22%
Roma
18%
Vittorio Veneto
13%
HMS Ark Royal
11%
Admiral Graf Spee
9%
USS California
7%
HMS Illustrious
3%
USS Lexington
3%
USS Wasp
2%
No matching quizzes found
Score Distribution
Percent of People with Each Score
Percentile by Number Answered
Your Score History
You have not taken this quiz